Normal view
MARC view
- Jimmie J. Cathey
Entry Personal Name
001 - CONTROL NUMBER
- control field: 125845
003 - CONTROL NUMBER IDENTIFIER
- control field: NUST
005 - DATE AND TIME OF LATEST TRANSACTION
- control field: 20240912151243.0
008 - FIXED-LENGTH DATA ELEMENTS
- fixed length control field: 240912|| aca||aabn | a|a d
040 ## - CATALOGING SOURCE
- Original cataloging agency: NUST
- Transcribing agency: NUST
100 ## - HEADING--PERSONAL NAME
- Personal name: Jimmie J. Cathey
670 ## - SOURCE DATA FOUND
- Source citation: Work cat.: (NUST): Jimmie J. Cathey, Electric Machines Analysis and design applying MATLAB , 2001.
